000 00431cam a2200169ua 4500
003 OSt
008 241101b |||||||| |||| 00| 0 eng d
020 _a0 419 12790 9
041 _aeng
082 _a621.47
_bSHE/AP
100 _aSherratt, A F C .
_96377
245 _aApplications of ambient energy in building /
250 _a1 /
260 _aLondon :
_bE & F N Spon limited ,
_c1983.
300 _a242 ; .
942 _cBK
999 _c9320
_d9320